Una sentencia logra "ver" con perspectiva en discapacidad / (Registro nro. 5759)
[ vista simple ]
| 000 -LEADER | |
|---|---|
| fixed length control field | 01261nab a22002297a 4500 |
| 003 - CONTROL NUMBER IDENTIFIER | |
| control field | OSt |
| 005 - DATE AND TIME OF LATEST TRANSACTION | |
| control field | 20260105145727.0 |
| 008 - FIXED-LENGTH DATA ELEMENTS--GENERAL INFORMATION | |
| fixed length control field | 190514b xxu||||| |||| 00| 0 spa d |
| 040 ## - CATALOGING SOURCE | |
| Transcribing agency | PJ |
| 100 ## - MAIN ENTRY--PERSONAL NAME | |
| 9 (RLIN) | 6673 |
| Personal name | Auberge, Julieta Michelle |
| 245 10 - TITLE STATEMENT | |
| Title | Una sentencia logra "ver" con perspectiva en discapacidad / |
| Statement of responsibility, etc | Julieta Michelle Auberge. |
| 300 ## - PHYSICAL DESCRIPTION | |
| Extent | p. 142-147 |
| 500 ## - GENERAL NOTE | |
| General note | Cita: TR LALEY AR/DOC/881/2025. |
| 505 ## - FORMATTED CONTENTS NOTE | |
| Formatted contents note | Sumario: I. Breve reseña de la situación planteada y su resolución.— II. El modelo social de la discapacidad como eje de la sentencia en análisis.— III. La noción de igualdad inclusiva.— IV. Accesibilidad universal y ajustes razonables.— V. Cuestiones probatorias en el contexto de la discriminación.— VI. Conclusión. |
| 505 ## - FORMATTED CONTENTS NOTE | |
| Title | Fallo comentado: SC Mendoza, sala II ~ 10/10/2024 ~ M. S. M. c. Municipalidad de Luján de Cuyo s/ acción procesal administrativa |
| 650 #0 - SUBJECT ADDED ENTRY--TOPICAL TERM | |
| 9 (RLIN) | 967 |
| Topical term or geographic name as entry element | DERECHO DE FAMILIA |
| 650 #0 - SUBJECT ADDED ENTRY--TOPICAL TERM | |
| 9 (RLIN) | 3271 |
| Topical term or geographic name as entry element | PERSONAS CON DISCAPACIDAD |
| 650 #0 - SUBJECT ADDED ENTRY--TOPICAL TERM | |
| 9 (RLIN) | 1576 |
| Topical term or geographic name as entry element | DISCRIMINACION |
| 650 #0 - SUBJECT ADDED ENTRY--TOPICAL TERM | |
| 9 (RLIN) | 1057 |
| Topical term or geographic name as entry element | JURISPRUDENCIA APLICABLE |
| 773 0# - HOST ITEM ENTRY | |
| Host Biblionumber | 2844 |
| Host Itemnumber | 3222 |
| Place, publisher, and date of publication | Buenos Aires : AbeledoPerrot, 1989- |
| Title | Derecho de familia. Revista Interdisciplinaria de doctrina y jurisprudencia. Junio 2025-III. |
| International Standard Book Number | 18511201 |
| 942 ## - ADDED ENTRY ELEMENTS (KOHA) | |
| Source of classification or shelving scheme | |
| Koha item type | Analítica Artículo de Revista |
No hay ítems disponibles.
